000
00291nam a22001217a 4500
999
_c
8551
_d
8551
008
200317b ||||| |||| 00| 0 eng d
100
_a
Bhise, S. B.
245
_a
Pharmacology -1
250
_a
1st
_b
2019
260
_a
New Delhi
_b
Nirali Prakashan
650
_a
Pharmacognosy
942
_2
ddc
_c
BK